000 00843nam a2200241 i 4500
001 bg
245 0 0 _aSpołeczna odpowiedzialność uczelni /
_cred. nauk. Krzysztof Leja ; Politechnika Gdańska. Wydział Zarządzania i Ekonomii. Instytut Społeczeństwa Wiedzy.
260 _aGdańsk :
_bKatedra Zarządzania Wiedzą i Informacją. Wydział Zarządzania i Ekonomii. Politechnika Gdańska,
_c2008.
300 _a157 s. :
_bil. ;
_c25 cm.
504 _aBibliogr. przy rozdz.
650 9 _aSzkolnictwo wyższe
_xetyka
650 9 _aSzkolnictwo wyższe
_xorganizacja
700 1 _aLeja, Krzysztof.
_eRed.
015 _aPB 11446/2008
020 _a9788388617195
040 _cBPK
041 _apol
044 _aPOL
080 _a378.091:172
920 _a978-83-88617-19-5
942 _cKS
008 080311s2008 pl a |000 0 pol
999 _c55565
_d55565
856 _uhttp://koha.tu.koszalin.pl/cgi-bin/koha/opac-detail.pl?biblionumber=55565
_yKatalog online BPK